Albert Dock, Liverpool (Record no. 654)
[ view plain ]
| 000 -LEADER | |
|---|---|
| fixed length control field | 00918cab a2200217 4500 |
| 001 - CONTROL NUMBER | |
| control field | ABS36949 |
| 008 - FIXED-LENGTH DATA ELEMENTS--GENERAL INFORMATION | |
| fixed length control field | 090401t1986 xxu||||| |||| 00| 0 eng d |
| 035 ## - SYSTEM CONTROL NUMBER | |
| System control number | (Sirsi) u1201 |
| 041 0# - LANGUAGE CODE | |
| Language code of text/sound track or separate title | eng |
| 100 1# - MAIN ENTRY--PERSONAL NAME | |
| Personal name | Parkinson, G. |
| 245 00 - TITLE STATEMENT | |
| Title | Albert Dock, Liverpool |
| Remainder of title | structural survey, appraisal and rehabilitation |
| 260 ## - PUBLICATION, DISTRIBUTION, ETC. | |
| Date of publication, distribution, etc. | 1986 |
| 350 ## - PRICE (NR) (BK AM CF MU VM SE) [OBSOLETE] | |
| Price | 0 |
| 490 #0 - SERIES STATEMENT | |
| Series statement | Structural Engineer |
| Volume/sequential designation | 64A (10) October 1986, 283-290 (8) |
| 520 ## - SUMMARY, ETC. | |
| Summary, etc. | Discusses the structural survey carried out on Albert Dock in Liverpool in order to establish the viability of refurbishment. Describes the phasing of the very extensive survey and gives details of surveying such structural elements as floors, columns, walls, substructures and timber piled and masonry foundations. |
| 651 #4 - SUBJECT ADDED ENTRY--GEOGRAPHIC NAME | |
| Geographic name | United Kingdom |
| Chronological subdivision | |
| 690 ## - LOCAL SUBJECT ADDED ENTRY--TOPICAL TERM (OCLC, RLIN) | |
| Topical term or geographic name as entry element | BUILT ENVIRONMENT-BUILDING SURVEYING-STRUCTURAL SURVEYING |
| 700 1# - ADDED ENTRY--PERSONAL NAME | |
| Personal name | Curtin, W. G. |
| 942 ## - ADDED ENTRY ELEMENTS (KOHA) | |
| Suppress in OPAC | 0 |
| 948 ## - LOCAL PROCESSING INFORMATION (OCLC); SERIES PART DESIGNATOR (RLIN) | |
| c (OCLC) | 04/03/1997 |
| Withdrawn status | Lost status | Source of classification or shelving scheme | Damaged status | Not for loan | Home library | Current library | Shelving location | Date acquired | Total Checkouts | Full call number | Barcode | Date last seen | Copy number | Price effective from | Koha item type |
|---|---|---|---|---|---|---|---|---|---|---|---|---|---|---|---|
| Dewey Decimal Classification | London | London | Journal article | 14/09/1999 | ABS36949 | 1201-1001 | 06/08/2019 | 1 | 06/08/2019 | Journal article |